LEADER 01457nam a2200253 i 4500 001 991003626769707536 005 20020503202036.0 008 000908s1958 it ||| | ita 035 $ab1053359x-39ule_inst 035 $aEXGIL124194$9ExL 040 $aBiblioteca Interfacoltà$bita 082 0 $a211.805 100 1 $aLabriola, Arturo$068325 245 10$aNegazione; Appunti sul problema dell'ateismo ; Religione e superstizioni popolari ; Neutralismo teologico della scienza ; Le deviazioni della nuova scienza ; Dall'animismo al Cristianesimo ; Le altre religioni e l'animismo ; Il sacerdozio ; Lo stato e le religioni ; Le conseguenze sociali dell'ateismo ; La religione meccanizzata :$bsaggio 260 $aFirenze :$bParenti,$c1958 300 $a189 p. ;$c21 cm. 490 0 $aTestimonianze del tempo 650 4$aAteismo 907 $a.b1053359x$b21-02-17$c27-06-02 912 $a991003626769707536 945 $aLE002 Fil. VII F 34$g1$i2002000524355$lle002$o-$pE0.00$q-$rl$s- $t0$u0$v0$w0$x0$y.i10612750$z27-06-02 996 $aNegazione; Appunti sul problema dell'ateismo ; Religione e superstizioni popolari ; Neutralismo teologico della scienza ; Le deviazioni della nuova scienza ; Dall'animismo al Cristianesimo ; Le altre religioni e l'animismo ; Il sacerdozio ; Lo stato e le religioni ; Le conseguenze sociali dell'ateismo ; La religione meccanizzata$9217379 997 $aUNISALENTO 998 $ale002$b01-01-00$cm$da $e-$fita$git $h0$i1 LEADER 00896nam a2200241 i 4500 001 991002585989707536 008 140915s2014 it 000 0 ita d 020 $a9788870757767 035 $ab14198927-39ule_inst 040 $aBibl. Interfacoltà T. Pellegrino$bita 082 04$a070 100 1 $aSelmi, Alessandra$0480075 245 10$aE così vuoi lavorare nell'editoria :$bi dolori di un giovane editor /$cAlessandra Selmi 260 $aMilano :$bEditrice Bibliografica,$c2014 300 $a125 p. ;$c17 cm 440 2$aI libri di Wuz 650 4$aEditoria 907 $a.b14198927$b15-09-14$c15-09-14 912 $a991002585989707536 945 $aLE002 Bibl. Ris. 595/005$g1$i2002001001015$lle002$op$pE9.90$q-$rn$so $t0$u0$v0$w0$x0$y.i15632386$z15-09-14 996 $aE così vuoi lavorare nell'editoria$9258369 997 $aUNISALENTO 998 $ale002$b15-09-14$cm$da $e-$fita$git $h0$i0